第一話のタイトルからきらら系列のアニメを当てよう - Statistics

General Stats
  • This quiz has been taken 47 times
  • The average score is 21 of 38
Answer Stats
第一話 Answer % Correct
優子の目覚め!! 家庭の事情で今日から魔族 まちカドまぞく
82%
ふじさんとカレーめん ゆるキャン△
82%
転がるぼっち ぼっち・ざ・ろっく
82%
ひと目で尋常でないもふもふだと見抜いたよ ご注文はうさぎですか?
76%
monoの旅 MONO
76%
なんだかホントに入社した気分です! NEW GAME!
76%
今日からばっどがーる♡ ばっどがーる
74%
廃部! けいおん!
74%
RPG不動産へようこそ!はじめてのお部屋探しです! RPG不動産
74%
はじめてのドS ブレンド・S
68%
あっち⇔こっち あっちこっち
65%
はじめてのチア アニマエール!
59%
彗星エンカウント 星屑テレパス
59%
エースなんて必要ないの はるかなレシーブ
56%
パンの耳ですわ 三者三葉
56%
ふしぎの国の きんいろモザイク
53%
アンケート ビリですか!? こみっくがーるず
53%
桜色のはじまり 桜Trick
53%
夢現 夢喰いメリー
50%
いってきますヒガコ! おちこぼれフルーツタルト
50%
占少女と占い、時々おなか うらら迷路帖
50%
ほかほか、じゅわっ。〜鍋・きつねうどん・おいなりさん〜 幸腹グラフィティ
50%
櫻田さんちの9人きょうだい 城下町のダンデライオン
50%
二人の約束 恋する小惑星
50%
いぬをしのびてさくらさく キルミーベイベー
50%
はじまり がっこうぐらし!
47%
4月7日 不幸な入学初日 あんハピ♪
47%
高校生になりました ゆゆ式
44%
はじまりのどきどき スロウスタート
44%
運命の再会 球詠
41%
シャル・ウィ・ダンス? ハナヤマタ
41%
とても変わった女の子 スローループ
41%
えがいてあそぼ GA芸術科アートデザインクラス
41%
冬のコラージュ ひだまりスケッチ
38%
スタート地点 ステラのまほう
38%
好き An April day Aチャンネル
38%
はじめての××× ドージンワーク
35%
はじめての、ひとりぼっち… かなめも
26%
No matching quizzes found
Score Distribution
Percent of People with Each Score
Percentile by Number Answered
Your Score History
You have not taken this quiz